1856 1916 1071 1158 1947 1613 1413 1367 1707 1834 1828 1644 1669 1331 1578 1904 1943 1321 1540 1925 1346 1132 1313 1634 1031 1955 1697 1413 1570 1909 1368 1581 1632 1324 1382 1659 1787 1488 1290 1120 1590 1182 1674 1653 1339 1391 1374 1018 1875 1178 1592 1986 1628 1478 1596 1240 1674 1472 1017 1591 1687 1064 1955 1067 1425 1085 1081 1395 1545 1627 1472 1326 1289 1494 1923 1664 1067 1671 1812 1851 1983 1253 1007 1774 1522 1694 1267 1140 1818 1864 1719 1350 1255 1807 1760 1303 1594 1807 1205 BCNSPRNW ULIB Ver.6.0+V

เปลี่ยนเป็นภาษาไทย

Change to English
 แสดงรายละเอียดบรรณานุกรม
  กลับหน้าหลัก

Brief Record : Get Marc (ISO 2709) : E-mail record : QR code < ปิดหน้าต่าง
LEADER : 00000nam 2200000uu 4500
001    13399123499
003     ULIB
008    141001s2556||||th 000 0 tha d
020    ^a9786161115326
060  4 ^aWA590^bร481ท
100 1  ^aRimer, Barbara K.
245 10 ^aทฤษฎีการสร้างเสริมสุขภาพ :^bฉบับสรุปสาระสำคัญ /^cBarbara K. Rimer, Karen Glanz ผู้แต่ง ; สินศักดิ์ชนม์ อุ่นพรมมี, ศรีเสาวลักษณ์ อุ่นพรมมี ผู้แปล
250    ^aพิมพ์ครั้งที่ 1
260    ^aนนทบุรี :^bโครงการสวัสดิการวิชาการ สถาบันพระบรมราชชนก,^c2556
300    ^a89 หน้า
650  7 ^aการส่งเสริมสุขภาพ
650  7 ^aสุขภาพ
650  7 ^aพฤติกรรมสุขภาพ
700 1  ^aGlanz, Karen
700 0  ^aสินศักดิ์ชนม์ อุ่นพรมมี,^eผู้แปล
700 0  ^aศรีเสาวลักษณ์ อุ่นพรมมี,^eผู้แปล
700 1  ^aริเมอร์, บาร์บารา เค.
700 1  ^aแกลนซ์, คาเร็น
945    ^p220^l0^i20847
945    ^p220^l0^i20848
945    ^p220^l0^i20849
945    ^p220^l0^i20850
945    ^p220^l0^i20851
945    ^p220^l0^i20852
945    ^p220^l0^i20853
945    ^p220^l0^i20854
945    ^p220^l0^i20855
945    ^p220^l0^i20856
999    ^aทศพร เกษรทอง
รายการนี้ยังไม่มีแท็ก
คุณยังไม่ได้ล็อกอิน คุณสามารถมีกิจกรรมร่วมกับเว็บไซต์ได้ แต่ต้องล็อกอินก่อน ::
  ล็อกอิน

รายการสื่อสารสนเทศ

ลำดับที่ ประเภท เลขเรียก/บาร์โค้ด สถานที่ สถานะ
1. วิทยาศาสตร์การแพทย์ และสุขภาพ
วิทยาศาสตร์การแพทย์ และสุขภาพ
สถานะ=หนังสือเก่า
WA590 ร481ท ฉ.1 
  Barcode: 20847
ห้องสมุดวิทยาเขตนครสวรรค์
►ส่วนจัดเก็บหนังสือเก่า นว.
บนชั้น
  ขอยืม
2. วิทยาศาสตร์การแพทย์ และสุขภาพ
วิทยาศาสตร์การแพทย์ และสุขภาพ
สถานะ=หนังสือเก่า
WA590 ร481ท ฉ.10 
  Barcode: 20856
ห้องสมุดวิทยาเขตนครสวรรค์
►ส่วนจัดเก็บหนังสือเก่า นว.
บนชั้น
  ขอยืม
3. วิทยาศาสตร์การแพทย์ และสุขภาพ
วิทยาศาสตร์การแพทย์ และสุขภาพ
สถานะ=หนังสือเก่า
WA590 ร481ท ฉ.2 
  Barcode: 20848
ห้องสมุดวิทยาเขตนครสวรรค์
►ส่วนจัดเก็บหนังสือเก่า นว.
บนชั้น
  ขอยืม
4. วิทยาศาสตร์การแพทย์ และสุขภาพ
วิทยาศาสตร์การแพทย์ และสุขภาพ
สถานะ=หนังสือเก่า
WA590 ร481ท ฉ.3 
  Barcode: 20849
ห้องสมุดวิทยาเขตนครสวรรค์
►ส่วนจัดเก็บหนังสือเก่า นว.
บนชั้น
  ขอยืม
5. วิทยาศาสตร์การแพทย์ และสุขภาพ
วิทยาศาสตร์การแพทย์ และสุขภาพ
สถานะ=หนังสือเก่า
WA590 ร481ท ฉ.4 
  Barcode: 20850
ห้องสมุดวิทยาเขตนครสวรรค์
►ส่วนจัดเก็บหนังสือเก่า นว.
บนชั้น
  ขอยืม
6. วิทยาศาสตร์การแพทย์ และสุขภาพ
วิทยาศาสตร์การแพทย์ และสุขภาพ
สถานะ=หนังสือเก่า
WA590 ร481ท ฉ.5 
  Barcode: 20851
ห้องสมุดวิทยาเขตนครสวรรค์
►ส่วนจัดเก็บหนังสือเก่า นว.
บนชั้น
  ขอยืม
7. วิทยาศาสตร์การแพทย์ และสุขภาพ
วิทยาศาสตร์การแพทย์ และสุขภาพ
สถานะ=หนังสือเก่า
WA590 ร481ท ฉ.6 
  Barcode: 20852
ห้องสมุดวิทยาเขตนครสวรรค์
►ส่วนจัดเก็บหนังสือเก่า นว.
บนชั้น
  ขอยืม
8. วิทยาศาสตร์การแพทย์ และสุขภาพ
วิทยาศาสตร์การแพทย์ และสุขภาพ
สถานะ=หนังสือเก่า
WA590 ร481ท ฉ.7 
  Barcode: 20853
ห้องสมุดวิทยาเขตนครสวรรค์
►ส่วนจัดเก็บหนังสือเก่า นว.
บนชั้น
  ขอยืม
9. วิทยาศาสตร์การแพทย์ และสุขภาพ
วิทยาศาสตร์การแพทย์ และสุขภาพ
สถานะ=หนังสือเก่า
WA590 ร481ท ฉ.8 
  Barcode: 20854
ห้องสมุดวิทยาเขตนครสวรรค์
►ส่วนจัดเก็บหนังสือเก่า นว.
บนชั้น
  ขอยืม
10. วิทยาศาสตร์การแพทย์ และสุขภาพ
วิทยาศาสตร์การแพทย์ และสุขภาพ
สถานะ=หนังสือเก่า
WA590 ร481ท ฉ.9 
  Barcode: 20855
ห้องสมุดวิทยาเขตนครสวรรค์
►ส่วนจัดเก็บหนังสือเก่า นว.
บนชั้น
  ขอยืม

รายการใกล้เคียง
    ผู้แต่ง [Rimer, Barbara K.]

    หัวเรื่อง [การส่งเสริมสุขภาพ]
    หัวเรื่อง [สุขภาพ]
    หัวเรื่อง [พฤติกรรมสุขภาพ]

BibComment


ยังไม่เคยถูกคอมเมนท์

คอมเมนท์ทรัพยากรรายการนี้
  คอมเมนท์: ทฤษฎีการสร้างเสร..


 Copyright 2026. Bcnsprnw @Library